| 000 | 01290nam a2200337Ia 4500 | ||
|---|---|---|---|
| 001 | 9780203938027 | ||
| 003 | BD-DhSAU | ||
| 005 | 20151012151720.0 | ||
| 006 | m|||||o||d|||||||| | ||
| 007 | cr|||| | ||
| 008 | 150601s2008 enkab ob 001 0 eng d | ||
| 020 | _a9780203938027 (e-book : PDF) | ||
| 040 |
_aBD-DhSAU _cBD-DhSAU |
||
| 043 | _ap------ | ||
| 090 |
_aG155.P16 _bT68 2008 |
||
| 092 |
_a306.4819095 _bT727 |
||
| 245 | 0 | 0 |
_aTourism at the grassroots _h[electronic resource] : _bvillagers and visitors in the Asia-Pacific / _cedited by John Connell and Barbara Rugendyke. |
| 260 |
_aLondon : _bRoutledge, _c2008. |
||
| 300 |
_axviii, 287 p. : _bill., maps. |
||
| 490 | 1 | _aRoutledge studies in contemporary geographies of leisure, tourism, and mobility | |
| 504 | _aIncludes bibliographical references and index. | ||
| 530 | _aAlso available in print edition. | ||
| 538 | _aMode of access: World Wide Web. | ||
| 650 | 0 |
_aTourism _xSocial aspects _zPacific Area. |
|
| 655 | 7 |
_aElectronic books. _2lcsh |
|
| 700 | 1 |
_aConnell, John, _d1946- |
|
| 700 | 1 | _aRugendyke, Barbara. | |
| 776 | 1 | _z9780415405553 | |
| 830 | 0 | _aRoutledge studies in contemporary geographies of leisure, tourism, and mobility. | |
| 856 | 4 | 0 | _uhttp://www.tandfebooks.com/isbn/9780203938027 |
| 999 |
_c12691 _d12690 |
||